000 00562nam a2200229Ia 4500
003 OSt
005 20230426100624.0
008 210423s1998 xx 000 0 und d
020 _a9788126913152
040 _cAL
041 _aeng
082 _a809.93592
_223
_bBROE
100 _aBRONFEN (Elisabeth)
_993143
245 _aSylvia Plath
250 _a2
260 _bAtlantic Publishers and Distributors
_c1998
300 _aix,143
_bPB
365 _b225
_cINR
650 _aHistory of Literature
_993144
906 _aPlath ; Sylvia
942 _2ddc
_cBK
999 _c161083
_d161083